| 000 | 00694nam a2200253Ia 4500 | ||
|---|---|---|---|
| 003 | OSt | ||
| 005 | 20251210185504.0 | ||
| 008 | 210423s2008 xx 000 0 und d | ||
| 020 | _a978-81-265-1747-3 | ||
| 040 | _cAL | ||
| 041 | _aEnglish | ||
| 082 |
_a415 _bCOOC |
||
| 100 |
_aCook V J _9114283 |
||
| 245 |
_aChomskys universal grammar _b: an introduction |
||
| 250 | _a3 | ||
| 260 |
_aNew Delhi _bWiley India Pvt Ltd _c2008 |
||
| 300 |
_avii,326P. _bPB _c24x17cm. |
||
| 365 |
_b795 _cINR |
||
| 650 |
_aLanguage _9114284 |
||
| 650 |
_aLinguistics _9114285 |
||
| 700 |
_aNewson, Mark _9248724 |
||
| 906 | _aan ; Chomskys ; Ed ; grammar: ; introduction ; universal | ||
| 942 |
_2ddc _cBK |
||
| 999 |
_c167409 _d167409 |
||